Madagaskar aktivity s nálepkami : [kniha plná úžasných hier!]

Bibliographic Details
Other Authors: Vlašičová, Jana (prekladateľka) (Translator)
Format: Book
Language:Slovak
English
PhysicalDescription:16 s. ilustr. 27 cm 2 listy samolepiek
Published: Bratislava Slovart 2015
ISBN:9788055614458 (brož.)
Subjects:

MARC

LEADER 00000nam a2200000 a 4500
001 vtls011468117
003 SK-MaSNL
005 20260301050208.0
008 160121s2015 xo a b 000 0 slo
015 |a SNBA2016/05 
020 |a 9788055614458 (brož.) 
040 |a SNK  |b slo  |c SNK  |e AACR2 
041 1 |a slo  |h eng 
044 |a xo  |c SK 
072 7 |a 821-93  |x Literatúra pre deti a mládež (beletria)  |2 konspekt 
080 |a 821-93  |2 2011 
080 |a (076.1)  |2 2011 
080 |a (084.1.029.2)  |2 2011 
130 0 |a Madagascar: sticker and activity fun  |l Slovensky  |9 355423 
245 1 0 |a Madagaskar  |b aktivity s nálepkami : [kniha plná úžasných hier!]  |c [z anglického originálu preložila Jana Vlašičová] 
260 |a Bratislava  |b Slovart  |c 2015 
300 |a 16 s.  |b ilustr.  |c 27 cm  |e 2 listy samolepiek 
500 |a Publikácia obsahuje viac ako 150 nálepiek 
500 |a Nad názvom: DreamWorks 
500 |a Listy so samolepkami všité uprostred publikácie 
521 |a Kniha obsahuje malé časti, nie je preto vhodná pre deti do troch rokov 
655 7 |a publikácie pre deti  |2 SNKPH  |9 70148 
655 7 |a pracovné zošity  |2 SNKPH  |9 70188 
655 7 |a samolepky  |2 SNKPH  |9 79151 
655 7 |a Children's literature  |2 SNKPHeng  |9 276039 
655 7 |a Activity books  |2 SNKPHeng  |9 302885 
655 7 |a Stickers  |2 SNKPHeng  |9 303014 
700 1 |a Vlašičová, Jana  |c (prekladateľka)  |4 trl  |9 184238 
919 |a 978-80-556-1445-8 
958 |a UP 
968 |b ENG 
999 |c 600391  |d 602321 
952 |a SNK  |b SNK  |y PREZ  |7 0  |p 17A1178044  |o snkOSB 18200  |i snk2016/1570  |8 0  |0 0  |1 0  |4 0  |d 2016-01-21  |l 0  |r 2026-02-23 15:52:25  |w 2026-02-23 
952 |a SNK  |b SNK  |y PREZ  |7 0  |p 17A1178045  |o snkOSB 18200 D1  |i snk2016/1572  |8 0  |0 0  |1 0  |4 0  |d 2016-01-21  |l 0  |r 2026-02-23 15:52:25  |w 2026-02-23